Statistics for Bfdi quiz

Click here to take the quiz!

General Stats

  • This quiz has been taken 24 times
  • The average score is 11 of 15

Answer Stats

HintAnswer% Correct
Who won bfdi?Firey
94%
Which character was the first to speak?Match
94%
What youtube channel is bfdi on?Jacknjellify
88%
Who is fours best friend?X
88%
Who hasn't got a favourite number?8-ball
81%
How many chocolate balls were there?100
75%
What does puffball like that made her lose the challenge?Prizes
75%
Who was a contestant that nobody knew about?Profily
75%
What is teardrop unable to do?Talk
75%
Which character ended up only having reused lines until bfdia?Ice cube
69%
Who was sat behind roboty?Liy
69%
Who did woody throw a party for instead of four?Purple face
56%
Who broke her team rules and sent a bomb to another team?Remote
50%
How many episodes does bfdi have23
38%
What was the only rule in tpot 1?You can't go back down
31%

Score Distribution

Percentile by Number Answered

Percent of People with Each Score

Your Score History

You have not taken this quiz